Responses for show #7187 - Tuesday, December 8, 2015

Contestants

[<< previous game]

Trevor Moore, a communications specialist from New York, New York

Alex Maggio, a writer originally from Cincinnati, Ohio

Liz Fritz, an intake coordinator from Spring Hill, Kansas (whose 1-day cash winnings total $16,401)

[next game >>]

Jeopardy! Round responses

PRAISE THE LLOYD
(Alex Trebek: Not the Lord.)
2-LETTER ABBREVIATIONS
COUNTRIES' NATIONAL ANTHEMS
SCIENCE
HORROR FILMS
TRUCKING
    $200 17
Andrew Lloyd Webber

Alex
    $200 7
A.D.

Liz
    $200 1
France

Trevor
    $200 14
gravity

Trevor
    $200 23
Scream

Trevor
    $200 5
a tire

Liz
    $400 18
Frank Lloyd Wright

Liz
    $400 8
a B.S.

Alex
    $400 2
Japan

Liz
    $400 15
(Alex Maggio: What are photons?)

ultraviolet rays

AlexTrevor
    $400 24
Nightmare on Elm Street

Liz
    $400 12
Willie Nelson

Alex
    $600 19
Carli Lloyd

Liz
    $600 9
(Trevor: What is ND?)

SD

AlexTrevor
    $600 3
the Netherlands

Alex
    $600 29
perennial

Alex
    $600 25
Halloween

Alex
    $600 13
(Trevor: What is liquid nitrogen?)
(Alex Maggio: What is Freon?)

salt

AlexTrevor
Triple Stumper
    $800 20
Lloyds of London

Alex
    $800 10
an I.V.

Triple Stumper
    $500 4
(Alex Maggio: What is Brazil?)

Panama

Alex
    $800 30
a bottlenose dolphin

Alex
    $800 26
Frankenstein

Trevor
    $800 16
Ice Road Truckers

Alex
    $1000 21
David Lloyd George

Liz
    $1000 11
K.P.

Alex
    $1000 6
(Alex Maggio: What is Finland?)

Israel

Alex
Triple Stumper
    $1000 27
ribonucleic acid

Liz
    $1000 28
Paranormal Activity

Triple Stumper
    $1000 22
the bulldog

Alex

Scores at the first commercial break (after clue 15):

Liz Alex Trevor
$800 $500 -$400

Scores at the end of the Jeopardy! Round:

Liz Alex Trevor
$4,200 $5,300 $600

Double Jeopardy! Round responses

CELEBRITY ALMA MATERS
COLONIAL NEW ENGLAND
CLASSICAL MUSIC
FAMILY FOLIO
PARLIAMENT VS. CONGRESS
THE "NBA"
    $400 3
Harvard

Trevor
    $400 10
the potato

Alex
    $400 2
Liszt

Triple Stumper
    $400 18
Barack Obama

Trevor
    $400 11
the Speaker

Trevor
    $400 1
to sunbathe

Liz
    $800 4
William and Mary

Trevor
    $800 9
the Boston Tea Party

Alex
    $800 29
[The end-of-round signal sounds.]

the violinists' bows

Triple Stumper
    $800 24
Dostoyevsky

Alex
    $2,000 14
the gallery

Alex
    $800 26
a cannonball

Trevor
    $1200 5
Brooke Shields

Alex
    $1200 8
Connecticut

Alex
    $1200 25
(Alex Trebek: Less than a minute to go now, Alex.)

Theodore Dreiser

Triple Stumper
    $1200 15
select committees

Triple Stumper
    $1200 21
a greenback

Trevor
    $1600 13
Dr. Phil

Alex
    $3,000 7
(Alex Maggio: Who are the Rangers?)

the Green Mountain Boys

Alex
    $1600 28
La Scala

Alex
    $1600 23
Mother Courage

Alex
    $1600 16
adjournment

Alex
    $1600 20
unbalanced

Liz
    $2000 12
Brandeis

Alex
    $2000 6
Primer

Triple Stumper
    $2000 27
(Trevor: Who is Wagner?)
...
(Alex Trebek: The composer is [*]. The work, The Planets.)

Gustav Holst

Trevor
Triple Stumper
    $2000 22
(Alex: Who is C.S. Lewis?)

Philippa Gregory

Alex
Triple Stumper
    $2000 17
(Alex Maggio: What is The Hill?)

the Congressional Record

Alex
Triple Stumper
    $2000 19
(Alex Maggio: What is a pigskin?)

a beanbag

Alex
Triple Stumper

Scores at the end of the Double Jeopardy! Round:

Liz Alex Trevor
$6,200 $11,100 $2,600

[wagering suggestions for these scores]

Final Jeopardy! Round responses

STATE CAPITALS
(Alex Trebek: Now, you noticed I stressed Constitution, not the Declaration of Independence.)
...
(Alex Trebek: [To Alex Maggio] And 30 other signers are represented in [*] with street names.)
TrevorWhat is Jefferson City?
$2,600
LizWhat is Harrisburg
$6,200
AlexWhat is Jefferson Madison
$4,000
Madison

Final scores:

Liz Alex Trevor
$0 $15,100 $0
2nd place: $2,000 New champion: $15,100 3rd place: $1,000

Game dynamics:

Coryat scores:

Liz Alex Trevor
$6,200 $13,400 $2,600
10 R,
0 W
23 R
(including 1 DD),
8 W
(including 2 DDs)
11 R,
3 W

Combined Coryat: $22,200

The J! Archive is created by fans, for fans. The Jeopardy! game show and all elements thereof, including but not limited to copyright and trademark thereto, are the property of Jeopardy Productions, Inc. and are protected under law. This website is not affiliated with, sponsored by, or operated by Jeopardy Productions, Inc. Join the discussion at JBoard.tv.